South Eastern Kenya University

Library Online Public Access Catalogue


Electronic waste management / (Record no. 16504)

MARC details
000 -LEADER
fixed length control field 00806cam a22002657a 4500
001 - CONTROL NUMBER
control field 15668843
003 - CONTROL NUMBER IDENTIFIER
control field OSt
005 - DATE AND TIME OF LATEST TRANSACTION
control field 20180326094030.0
008 - FIXED-LENGTH DATA ELEMENTS--GENERAL INFORMATION
fixed length control field 090321s2009 enkae b 001 0 eng
010 ## - LIBRARY OF CONGRESS CONTROL NUMBER
LC control number 2009368293
015 ## - NATIONAL BIBLIOGRAPHY NUMBER
National bibliography number GBA848578
020 ## - INTERNATIONAL STANDARD BOOK NUMBER
International Standard Book Number 9780854041121 (hbk.)
020 ## - INTERNATIONAL STANDARD BOOK NUMBER
International Standard Book Number 0854041125 (hbk.)
040 ## - CATALOGING SOURCE
Original cataloging agency SEKU
050 00 - LIBRARY OF CONGRESS CALL NUMBER
Classification number TD 799.85
Item number .E4
245 00 - TITLE STATEMENT
Title Electronic waste management /
Statement of responsibility, etc. editors, R.E. Hester and R.M. Harrison.
260 ## - PUBLICATION, DISTRIBUTION, ETC. (IMPRINT)
Place of publication, distribution, etc. Cambridge, UK :
Name of publisher, distributor, etc. RSC Pub.,
Date of publication, distribution, etc. c2009.
300 ## - PHYSICAL DESCRIPTION
Extent 263 p. :
Other physical details ill., plans ;
440 #0 - SERIES STATEMENT/ADDED ENTRY--TITLE
Title Issues in environmental science and technology ;
Volume/sequential designation 27
504 ## - BIBLIOGRAPHY, ETC. NOTE
Bibliography, etc Includes bibliographical references and index.
650 #0 - SUBJECT ADDED ENTRY--TOPICAL TERM
Topical term or geographic name as entry element Electronic waste.
700 1# - ADDED ENTRY--PERSONAL NAME
Personal name Hester, R. E.
Fuller form of name (Ronald E.)
700 1# - ADDED ENTRY--PERSONAL NAME
Personal name Harrison, Roy M.,
Dates associated with a name 1948-
942 ## - ADDED ENTRY ELEMENTS (KOHA)
Source of classification or shelving scheme Library of Congress Classification
Koha item type General circulation
Holdings
Withdrawn status Lost status Source of classification or shelving scheme Damaged status Not for loan Home library Current library Shelving location Date acquired Source of acquisition Total Checkouts Full call number Barcode Date last seen Price effective from Koha item type
    Library of Congress Classification     Main Campus Library Main Campus Library General Stacks 26/03/2018 Donation   TD 799.85 .E4 2018/020685 26/03/2018 26/03/2018 General circulation
Kitui, Kenya.
+254736116989
library@seku.ac.ke